Nombres premiers de 1 à 1000 - Statistiques

Statistiques générales
  • Ce quiz a été pris 150 fois
  • Le résultat moyen est 57 sur 168
Statistiques - réponses
Rang Réponse % Correct
1 2
98%
2 3
98%
3 5
96%
4 7
93%
5 11
90%
6 13
87%
7 17
86%
8 19
85%
9 23
84%
10 29
84%
11 31
82%
12 37
81%
14 43
78%
13 41
76%
15 47
75%
16 53
74%
17 59
72%
18 61
70%
19 67
70%
24 89
70%
20 71
69%
21 73
69%
22 79
68%
23 83
68%
25 97
65%
26 101
62%
27 103
61%
30 113
61%
28 107
59%
29 109
57%
31 127
55%
32 131
54%
33 137
53%
34 139
51%
35 149
49%
36 151
48%
38 163
48%
37 157
46%
39 167
45%
40 173
44%
41 179
43%
42 181
42%
47 211
40%
43 191
39%
44 193
39%
45 197
39%
46 199
39%
49 227
38%
52 239
38%
53 241
38%
48 223
37%
50 229
37%
51 233
37%
54 251
37%
55 257
36%
56 263
34%
57 269
34%
58 271
34%
60 281
34%
59 277
33%
61 283
32%
68 337
32%
62 293
31%
63 307
31%
64 311
31%
66 317
31%
65 313
30%
67 331
30%
69 347
30%
70 349
30%
73 367
30%
74 373
30%
76 383
30%
72 359
29%
75 379
29%
79 401
29%
71 353
28%
78 397
28%
83 431
28%
80 409
27%
81 419
27%
82 421
27%
101 547
27%
102 557
27%
77 389
26%
84 433
26%
85 439
26%
86 443
26%
87 449
26%
88 457
26%
89 461
26%
91 467
26%
93 487
26%
95 499
26%
90 463
25%
92 479
25%
94 491
25%
96 503
25%
97 509
25%
98 521
25%
99 523
25%
100 541
25%
103 563
25%
105 571
25%
106 577
25%
107 587
25%
104 569
24%
110 601
24%
113 617
24%
108 593
23%
109 599
23%
111 607
23%
112 613
23%
114 619
23%
115 631
23%
116 641
22%
118 647
22%
117 643
20%
119 653
20%
121 661
20%
126 701
20%
123 677
19%
120 659
18%
122 673
17%
127 709
17%
124 683
16%
125 691
16%
131 739
16%
133 751
16%
135 761
16%
168 997
16%
128 719
15%
129 727
15%
130 733
15%
167 991
15%
132 743
14%
134 757
14%
136 769
13%
138 787
12%
139 797
12%
137 773
11%
140 809
11%
141 811
11%
142 821
11%
166 983
11%
156 911
10%
163 967
10%
164 971
10%
165 977
10%
144 827
9%
152 881
9%
154 887
9%
143 823
8%
145 829
8%
146 839
8%
148 857
8%
151 877
8%
159 937
8%
147 853
7%
149 859
7%
150 863
7%
153 883
7%
155 907
7%
157 919
7%
158 929
7%
160 941
7%
161 947
7%
162 953
7%
Aucun quiz correspondant
Distribution des résultats
% des personnes avec chaque résultat
Percentile par nombre de réponses
Votre historique - résultats
Vous n’avez pas pris ce quiz